|
|
|
|
| LEADER |
00000nab a2200000 a 4500 |
| 001 |
vtls010035323 |
| 003 |
SK-MaSNL |
| 005 |
20260318122229.0 |
| 008 |
100104c2009 xo mr p 000 c0ukr |
| 015 |
|
|
|a SNBRB2010/01
|
| 038 |
|
|
|a SVKPOCL
|
| 040 |
|
|
|a SVKPOCL
|b slo
|c SVKPOCL
|e AACR2
|
| 041 |
0 |
|
|a ukr
|
| 044 |
|
|
|a xo
|c SK
|
| 080 |
|
|
|a 7.071
|2 2001
|
| 080 |
|
|
|a 793.31
|2 2001
|
| 080 |
|
|
|a 784.4
|2 2001
|
| 100 |
1 |
|
|a Kuzmiaková, Anna,
|d 1949-
|4 aut
|9 210981
|
| 245 |
1 |
0 |
|a Očarovanŷ pohljadom porjadni očarovaly všŷtkŷch
|b o vŷdarenij majovij premjeri PULSu z vično žŷvoho žridla Rusyniv
|c [zapysala] Anna Kuzmjakova, Jan Magura, Monika Pavelčíková, Andrij Hnat, Pavel Dupkanič, Viera Juričova, Jožka Hnatova
|
| 300 |
|
|
|b Fotogr.
|
| 610 |
2 |
7 |
|a Poddukelský umelecký ľudový súbor
|2 svkpocl
|9 122018
|
| 611 |
2 |
7 |
|a Očarení pohľadom
|g premiéra PUĽS
|d (2009 :
|c Prešov, Slovensko)
|2 svkpocl
|9 1594639
|
| 648 |
|
7 |
|a 1.-2.5.2009
|2 svkpocl
|9 1594619
|
| 650 |
0 |
7 |
|a umelecké súbory
|2 svkpocl
|9 82709
|
| 651 |
|
7 |
|a Prešov (Slovensko)
|2 svkpocl
|9 17347
|
| 655 |
|
7 |
|a premiéry
|2 svkpocl
|9 1228336
|
| 700 |
1 |
|
|a Magura, Ján
|4 aut
|9 643577
|
| 700 |
1 |
|
|a Pavelčíková, Monika
|4 aut
|9 10960
|
| 700 |
1 |
|
|a Hnát, Andrej,
|d 1938-
|4 aut
|9 190079
|
| 700 |
1 |
|
|a Dupkanič, Pavel
|4 aut
|9 1265307
|
| 700 |
1 |
|
|a Juričová, Viera
|4 aut
|9 838191
|
| 700 |
1 |
|
|a Hnátová, Jozefína
|4 aut
|9 1594645
|
| 773 |
0 |
|
|t Info Rusyn
|g Roč. VI, č. 8-9 (2009), s. 6-7
|
| 852 |
|
|
|a SVKPO
|b KIS3GCP
|
| 958 |
|
|
|a RN
|
| 958 |
|
|
|a UK
|
| 958 |
|
|
|a SK
|
| 999 |
|
|
|c 3276242
|d 3278172
|